Ekonomické benefity lokálnych mien pre rozvoj územia: analýza slovenského kontextu
Cieľom štúdie je identifikovať a zhodnotiť potenciálne ekonomické benefity zavedenia lokálnej meny prostredníctvom systematického prehľadu relevantných poznatkov a analýzy jej vplyvu na územný rozvoj. Na jeho naplnenie najskôr autori teoreticky vymedzujú a identifikujú pojem lokálna mena na základe...
Gespeichert in:
| 1. Verfasser: | |
|---|---|
| Weitere Verfasser: | |
| Format: | Buchkapitel |
| Sprache: | Slowakisch |
| Schlagworte: | |
| Tags: |
Keine Tags, Fügen Sie das erste Tag hinzu!
|
MARC
| LEADER | 00000naa a2200000 4500 | ||
|---|---|---|---|
| 001 | 0314889 | ||
| 005 | 20260211100933.7 | ||
| 041 | 0 | |a slo | |
| 044 | |a SK | ||
| 245 | 1 | 0 | |a Ekonomické benefity lokálnych mien pre rozvoj územia: analýza slovenského kontextu |c Katarína Liptáková, Peter Cibuľa |
| 520 | |a Cieľom štúdie je identifikovať a zhodnotiť potenciálne ekonomické benefity zavedenia lokálnej meny prostredníctvom systematického prehľadu relevantných poznatkov a analýzy jej vplyvu na územný rozvoj. Na jeho naplnenie najskôr autori teoreticky vymedzujú a identifikujú pojem lokálna mena na základe preštudovania a spracovania domácej i zahraničnej literatúry. Zaoberajú sa aj dôvodmi jej zavedenia v určitom území v kontexte jeho rozvoja. | ||
| 610 | 2 | 0 | |a mena |
| 610 | 2 | 0 | |a rozvoj hospodársky |
| 610 | 2 | 0 | |a rozvoj regionálny |
| 610 | 2 | 0 | |a jednotky peňažné |
| 610 | 2 | 0 | |a ekonomika regionálna |
| 100 | 1 | |a Liptáková, Katarína | |
| 700 | 1 | |a Cibuľa, Peter | |